000 01305cam a2200361 a 4500
999 _c2629
_d2629
001 15125035
003 OSt
005 20181017101914.0
008 080102s2008 nyuaf b 001 0 eng
010 _a 2007051809
015 _aGBA784371
_2bnb
016 7 _a014101020
_2Uk
020 _a9781591025726
020 _a1591025729
035 _a(OCoLC)ocn154711473
035 _a(OCoLC)154711473
040 _aDLC
_cDLC
_dDLC
050 0 0 _aRA776.75
_b.K67 2008
082 0 0 _a783
_222
245 1 0 _aLiving long and loving it :
_bSongs /
260 _aIllinois, Canada :
_bWorld Home Bible League,
_cc1987
300 _a46 p,:
_bill. ;
_c23 cm.
504 _aIncludes bibliographical references (p. 283-299) and index.
650 0 _aLongevity.
650 0 _aHealth.
700 1 _aMcGovern, Rene J.
856 4 1 _3Table of contents only
_uhttp://www.loc.gov/catdir/toc/ecip087/2007051809.html
856 4 2 _3Contributor biographical information
_uhttp://www.loc.gov/catdir/enhancements/fy1309/2007051809-b.html
856 4 2 _3Publisher description
_uhttp://www.loc.gov/catdir/enhancements/fy1309/2007051809-d.html
906 _a7
_bcbc
_corignew
_d1
_eecip
_f20
_gy-gencatlg
942 _2ddc
_cBK